Management Intermation systems (Record no. 3381)

MARC details
000 -LEADER
fixed length control field 00388nam a22001697a 4500
005 - DATE AND TIME OF LATEST TRANSACTION
control field 20160621123522.0
008 - FIXED-LENGTH DATA ELEMENTS--GENERAL INFORMATION
fixed length control field 160621b xxu||||| |||| 00| 0 eng d
020 ## - INTERNATIONAL STANDARD BOOK NUMBER
ISBN 978-0-07-0616349
041 ## - LANGUAGE CODE
Language code of text/sound track or separate title eng
082 ## - DEWEY DECIMAL CLASSIFICATION NUMBER
Item number 8733
100 ## - MAIN ENTRY--AUTHOR NAME
Personal name Jawadekar, Waman J
245 ## - TITLE STATEMENT
Title Management Intermation systems
260 ## - PUBLICATION, DISTRIBUTION, ETC. (IMPRINT)
Name of publisher TMH
300 ## - PHYSICAL DESCRIPTION
Number of Pages 761
650 ## - SUBJECT ADDED ENTRY--TOPICAL TERM
Topical Term Management
942 ## - ADDED ENTRY ELEMENTS (KOHA)
Koha item type Books
Holdings
Lost status Damaged status Home library Current library Shelving location Date acquired Full call number Accession Number Koha item type Collection code
    JRU Library   SHELF- 69 F 21/06/2016 8733 8733 Books  
    JRU Library JRU Library SHELF- 69 F 21/06/2016 8733 8734 Books MANAGEMENT
    JRU Library JRU Library SHELF - 69 N 21/06/2016 8733 8735 Books MANAGEMENT
    JRU Library JRU Library SHELF- 69 F 21/06/2016 8733 8736 Books MANAGEMENT
    JRU Library JRU Library SHELF- 69 F 21/06/2016 8733 8737 Books MANAGEMENT
    JRU Library JRU Library SHELF- 69 F 21/06/2016 8733 8738 Books MANAGEMENT